[Event "San Jose 1000 GM Labor Day op"]
[Site "San Jose"]
[Date "2024.09.01"]
[Round "5"]
[White "Harish, Neeraj"]
[Black "Widjaja, Luke"]
[Result "0-1"]
[WhiteElo "2118"]
[BlackElo "2056"]
[PlyCount "50"]
[EventDate "2024.08.30"]
[EventType "swiss"]
[EventRounds "9"]
[EventCountry "USA"]
[SourceTitle "CB37_2024"]
[SourceDate "2024.09.11"]
[SourceVersion "1"]
[SourceVersionDate "2024.09.11"]
[SourceQuality "1"]

1. c4 e6 2. Nf3 d5 3. g3 Nf6 4. Bg2 Be7 5. 0-0 0-0 6. b3 d4 7. e3 c5 8. Ne5 Qc7 9. exd4 cxd4 10. f4 Nfd7 11. Nd3 Nc6 12. Nf2 a5 13. a3 b6 14. d3 Bb7 15. Bb2 Bc5 16. Nd2 f5 17. Nf3 Rae8 18. b4 axb4 19. axb4 Nxb4 20. Nxd4 Bxg2 21. Kxg2 e5 22. Nb5 Qc6+ 23. Kg1 exf4 24. gxf4 Re6 25. d4 Rg6+ 0-1

[Event "San Jose 1000 GM Labor Day op"]
[Site "San Jose"]
[Date "2024.08.31"]
[Round "2"]
[White "Zuluaga Mancilla, Cesar"]
[Black "Widjaja, Luke"]
[Result "0-1"]
[WhiteElo "2166"]
[BlackElo "2056"]
[PlyCount "52"]
[EventDate "2024.08.30"]
[EventType "swiss"]
[EventRounds "9"]
[EventCountry "USA"]
[SourceTitle "CB37_2024"]
[SourceDate "2024.09.11"]
[SourceVersion "1"]
[SourceVersionDate "2024.09.11"]
[SourceQuality "1"]

1. d4 d5 2. Nf3 Nf6 3. c4 e6 4. Nbd2 c5 5. e3 cxd4 6. Nxd4 Nc6 7. N4f3 Bd6 8. Be2 0-0 9. 0-0 Bc7 10. cxd5 exd5 11. Nb3 Qd6 12. g3 Ne4 13. Nbd4 a6 14. Bd2 Bh3 15. Re1 Qf6 16. Nxc6 bxc6 17. Rc1 Be5 18. Qa4 c5 19. Red1 Bxb2 20. Rb1 Bc3 21. Bc1 d4 22. Rb3 Bg4 23. Kg2 Ng5 24. Ng1 Bxe2 25. Nxe2 Qf3+ 26. Kf1 Nh3 0-1

[Event "San Francisco 1000 GM Memorial Day"]
[Site "San Francisco"]
[Date "2024.05.27"]
[Round "9"]
[White "Widjaja, Luke"]
[Black "Yang, Jingyun"]
[Result "1/2-1/2"]
[WhiteElo "2136"]
[BlackElo "2125"]
[PlyCount "65"]
[EventDate "2024.05.23"]
[EventType "swiss"]
[EventRounds "9"]
[EventCountry "USA"]
[SourceTitle "CB23_2024"]
[SourceDate "2024.06.05"]
[SourceVersion "1"]
[SourceVersionDate "2024.06.05"]
[SourceQuality "1"]

1. e4 c5 2. Nf3 g6 3. d4 cxd4 4. Qxd4 Nf6 5. Nc3 Nc6 6. Qa4 d6 7. e5 dxe5 8. Nxe5 Bg7 9. Nxc6 bxc6 10. Be2 0-0 11. 0-0 Bf5 12. Rd1 Qb6 13. Rb1 Rfd8 14. Be3 Rxd1+ 15. Bxd1 Qc7 16. Bf3 Rd8 17. Qxa7 Qxa7 18. Bxa7 Nd5 19. Nxd5 cxd5 20. Rd1 Bxc2 21. Rxd5 Rxd5 22. Bxd5 Bxb2 23. Bc5 e5 24. Bc6 Bd3 25. a4 Bc3 26. Bb6 Ba6 27. Bb5 Bxb5 28. axb5 Kf8 29. Ba7 Ke7 30. Kf1 Ke6 31. Ke2 Kd5 32. Kd3 Bb4 33. g4 1/2-1/2

[Event "San Francisco 1000 GM Memorial Day"]
[Site "San Francisco"]
[Date "2024.05.26"]
[Round "6"]
[White "Xia, Joshua"]
[Black "Widjaja, Luke"]
[Result "0-1"]
[WhiteElo "2034"]
[BlackElo "2136"]
[PlyCount "120"]
[EventDate "2024.05.23"]
[EventType "swiss"]
[EventRounds "9"]
[EventCountry "USA"]
[SourceTitle "CB23_2024"]
[SourceDate "2024.06.05"]
[SourceVersion "1"]
[SourceVersionDate "2024.06.05"]
[SourceQuality "1"]

1. e4 e5 2. Nf3 Nc6 3. Bb5 a6 4. Ba4 Nf6 5. 0-0 Be7 6. d3 b5 7. Bb3 d6 8. a3 0-0 9. Nc3 Na5 10. Ba2 Be6 11. b4 Bxa2 12. Nxa2 Nc6 13. Qe2 h6 14. Bb2 Nh5 15. g3 g6 16. d4 Bf6 17. dxe5 dxe5 18. Rad1 Qc8 19. Rd5 Qe6 20. Nc1 Bg7 21. Nb3 Nf6 22. Rfd1 Nxd5 23. exd5 Qg4 24. dxc6 e4 25. Nfd4 Qxe2 26. Nxe2 Bxb2 27. c3 a5 28. Nxa5 Rfd8 29. Rxd8+ Rxd8 30. Nd4 Rd5 31. Ne2 Bxa3 32. Nb7 Bb2 33. Nc5 Rd1+ 34. Kg2 Re1 35. Nd4 Bxc3 36. Nxb5 Bxb4 37. Na6 Ba5 38. Nbxc7 Bxc7 39. Nxc7 Kf8 40. Nd5 Ke8 41. h4 Kd8 42. Nf6 h5 43. Nd5 Rc1 44. Nf6 Rc4 45. Kf1 Ke7 46. Nd5+ Kd6 47. Nf4 Rxc6 48. Ke2 Ke5 49. Nh3 Rc2+ 50. Ke3 Rc3+ 51. Ke2 Kd4 52. Ng5 Rc2+ 53. Kf1 Rc7 54. Ke2 Ra7 55. Kf1 e3 56. fxe3+ Kxe3 57. Kg2 Ra2+ 58. Kh3 f5 59. Ne6 Ra4 60. Nf8 Rg4 0-1